Southville International School and Colleges
Your cart is empty.
  • Cart
  • Lists
    Public lists Eva Luna New books Lux_list list_1
    Your lists Log in to create your own lists
  • Log in to your account
  • Your cookies
  • Search history
Southville International School and Colleges
  • Advanced search
  • Recent comments
  • Most popular
  • Libraries

Log in to your account

Log in with GOOGLE


If you do not have an external account, but do have a local account, you can still log in:

  1. Home
  2. MARC view: From beginning to end :
Normal view MARC view ISBD view

From beginning to end : (Record no. 9058)

[ view plain ]
MARC details
000 -LEADER
fixed length control field 00913cam a2200265 a 4500
001 - CONTROL NUMBER
control field 3016801
003 - CONTROL NUMBER IDENTIFIER
control field OSt
005 - DATE AND TIME OF LATEST TRANSACTION
control field 20140310182054.0
008 - FIXED-LENGTH DATA ELEMENTS--GENERAL INFORMATION
fixed length control field 941107s1995 nyua b 000 0 eng
010 ## - LIBRARY OF CONGRESS CONTROL NUMBER
LC control number 94044007
020 ## - INTERNATIONAL STANDARD BOOK NUMBER
International Standard Book Number 0804111146
Terms of availability $20.00
040 ## - CATALOGING SOURCE
Original cataloging agency DLC
Transcribing agency DLC
Modifying agency DLC
050 00 - LIBRARY OF CONGRESS CALL NUMBER
Classification number BJ 1595
Item number .F85 1996
082 00 - DEWEY DECIMAL CLASSIFICATION NUMBER
Classification number HS 390
Item number .F95 1995
100 1# - MAIN ENTRY--PERSONAL NAME
Personal name Fulghum, Robert.
9 (RLIN) 11214
245 10 - TITLE STATEMENT
Title From beginning to end :
Remainder of title the rituals of our lives /
Statement of responsibility, etc Robert Fulghum.
260 ## - PUBLICATION, DISTRIBUTION, ETC. (IMPRINT)
Place of publication, distribution, etc New York :
Name of publisher, distributor, etc Ivy Books,
Date of publication, distribution, etc 1995.
300 ## - PHYSICAL DESCRIPTION
Extent Xiii, 279 p.;
Other physical details ill. ;
Dimensions 18 cm.
541 ## - IMMEDIATE SOURCE OF ACQUISITION NOTE
-- 1
650 #0 - SUBJECT ADDED ENTRY--TOPICAL TERM
Topical term or geographic name as entry element Rites and ceremonies
9 (RLIN) 10119
856 42 - ELECTRONIC LOCATION AND ACCESS
Materials specified Publisher description
Uniform Resource Identifier <a href="http://www.loc.gov/catdir/description/random0412/94044007.html">http://www.loc.gov/catdir/description/random0412/94044007.html</a>
906 ## - LOCAL DATA ELEMENT F, LDF (RLIN)
a 7
b cbc
c orignew
d 1
e ocip
f 19
g y-gencatlg
942 ## - ADDED ENTRY ELEMENTS (KOHA)
Source of classification or shelving scheme Library of Congress Classification
Koha item type
Holdings
Withdrawn status Lost status Source of classification or shelving scheme Damaged status Home library Current library Shelving location Date acquired Total Checkouts Full call number Barcode Date last seen Copy number Price effective from Koha item type
    Library of Congress Classification   Luxembourg Library Luxembourg Library High School Section 08/22/2013   BJ 1595 .F85 1996 2708 05/27/2015 1 08/22/2013 Books

From beginning to end :

APA

Fulghum R., . (1995). From beginning to end. New York: Ivy Books.

Chicago

Fulghum Robert, . 1995. From beginning to end. New York: Ivy Books.

Harvard

Fulghum R., . (1995). From beginning to end. New York: Ivy Books.

MLA

Fulghum Robert, . From beginning to end. New York: Ivy Books. 1995.

  • Place hold
  • Print
  • Cite
  • Add to your cart (remove)
  • Save record
    BIBTEX Dublin Core MARCXML MARC (non-Unicode/MARC-8) MARC (Unicode/UTF-8) MARC (Unicode/UTF-8, Standard) MODS (XML) RIS
  • More searches
    Search for this title in:
    Other Libraries (WorldCat) Other Databases (Google Scholar) Online Stores (Bookfinder.com) Open Library (openlibrary.org)

Exporting to Dublin Core...

SOUTHVILLE LIBRARY

Southville International School and Colleges Library

1281 Tropical Ave. Cor. Luxembourg St., BF Homes International, Las Pinas City

Tel. No. 8256374 / 252358 Loc. 117/146

Powered by Koha